Antología
Guardado en:
| Hovedforfatter: | |
|---|---|
| Format: | Bog |
| Sprog: | Undetermined |
| Udgivet: |
San José, Costa Rica
EDUCA
1975
|
| Fag: | |
| Tags: |
Tilføj Tag
Ingen Tags, Vær først til at tagge denne postø!
|
MARC
| LEADER | 00000nam a2200000Ia 4500 | ||
|---|---|---|---|
| 008 | 170316s9999 xx 000 0 und d | ||
| 040 | |a cru BVZT | ||
| 090 | |a 860 C-13a | ||
| 100 | |a Cardenal, Ernesto | ||
| 245 | |a Antología | ||
| 260 | |a San José, Costa Rica | ||
| 260 | |b EDUCA | ||
| 260 | |c 1975 | ||
| 300 | |a 224 páginas | ||
| 650 | |a LITERATURA LATINOAMERICANA - ANTOLOGÍA | ||
| 650 | |a GETHSEMANY KY | ||
| 650 | |a ORACIÓN POR MARILYN MONROE | ||
| 650 | |a EUROPEAS | ||
| 650 | |a SALMOS | ||
| 650 | |a HOMENAJE A LOS INDIOS AMÉRICANOS | ||
| 650 | |a OTROS POEMAS | ||
| 999 | |c 8480 |d 8480 | ||
| 942 | |c 15 D |h 860 C-13a |2 z | ||
